Normal view
MARC view
Entry Personal Name
001 - CONTROL NUMBER
- control field: 12782
003 - CONTROL NUMBER IDENTIFIER
- control field: OSt
005 - DATE AND TIME OF LATEST TRANSACTION
- control field: 20190812122819.0
008 - FIXED-LENGTH DATA ELEMENTS
- fixed length control field: 190812|| aca||aabn | a|a d
040 ## - CATALOGING SOURCE
- Original cataloging agency: OSt
- Transcribing agency: OSt
100 ## - HEADING--PERSONAL NAME
- Personal name: Tipping, Edward,
- Dates associated with a name: 1948-
670 ## - SOURCE DATA FOUND
- Source citation: Work cat.: (OSt): Tipping, Edward, 1948-, Cation binding by humic substances /, 2002.
